Statistics for What Empire(s) ?

Click here to take the quiz!

General Stats

  • This quiz has been taken 30 times
  • The average score is 11 of 15

Answer Stats

QuestionAnswer% Correct
What Empire gave Alaska to USA in 1867?Russian
100%
What was the Empire that the sun never set?British
94%
What Empire Ruled Macau and Goa?Portuguese
94%
What Empire helped Germany in WWI?Ottoman
89%
What Empire was ruled by the Kaiser from 1871-1918?German
89%
What Empire made the Russian Empire Communist?German
89%
What Empire was the largest?Mongol
89%
What Empire was focusing on trade?Portuguese
83%
What Empire had Qingdao before the Japanese?German
78%
What Empire fell in 1999?Portuguese
72%
What Empire collapsed in 1815?French (First)
67%
Which two empires started in the 16th century?Spanish and Portuguese
61%
What Country Never had an Empire?Bhutan
61%
Which empire had the least land?German
50%
What Year did the Gupta Empire fall?543
28%

Score Distribution

Percentile by Number Answered

Percent of People with Each Score

Your Score History

You have not taken this quiz